000 00740nam a2200253Ia 4500
003 OSt
005 20220925223203.0
006 a|||||r|||| 00| 0
007 ta
008 220923b |||||||| |||| 00| 0 eng d
020 _a04153957X
037 _cGeneral Book
040 _aRTL
_cRTL
_beng
041 _2eng
_aeng
082 _aX9(N):51-8.1.P, P5
100 _aRobertson Iain Ed.
_9277409
245 0 _aUnderstanding international art markets and manage
260 _aLondon
_bRoutledge
_c2005
300 _axv;280p
_ccm.
500 _aBibliography chapterwise
650 _aIndustrial Economics Art
_9289210
942 _hX9(N):51-8.1.P, P5
_cGB
_2CC
999 _c578922
_d578922